UBT Library

Stilistika e gjuhës shqipe dhe pragmatika / (Record no. 398)

000 -LEADER
fixed length control field 00285nam a22000977a 4500
008 - FIXED-LENGTH DATA ELEMENTS--GENERAL INFORMATION
fixed length control field 140116b xxu||||| |||| 00| 0 alb d
020 ## - INTERNATIONAL STANDARD BOOK NUMBER
International Standard Book Number 9789928022080
100 1# - MAIN ENTRY--PERSONAL NAME
Personal name Lloshi, Xhevat
245 10 - TITLE STATEMENT
Title Stilistika e gjuhës shqipe dhe pragmatika /
Statement of responsibility, etc Xhevat Lloshi
260 ## - PUBLICATION, DISTRIBUTION, ETC. (IMPRINT)
Place of publication, distribution, etc Tiranë :
Name of publisher, distributor, etc "albas" ;
Date of publication, distribution, etc 2012.
Holdings
Withdrawn status Lost status Source of classification or shelving scheme Damaged status Not for loan Koha collection Location (home branch) Sublocation or collection (holding branch) Shelving location Date acquired Koha issues (times borrowed) Piece designation (barcode) Koha date last seen Price effective from Koha item type
          Koleksioni i lëndeve mesimore UBT - Prishtine UBT - Prishtine Koleksioni i lëndeve mesimore 01/16/2014   001-000535 01/16/2014 01/16/2014 Books
UBT Library © 2015-2024. All rights reserved University Education for Business and Technology